Statistiken für Deutsche Bundesländer nach Umriss

Klicken Sie hier um das Quiz zu spielen!

Allgemein

  • Dieses Quiz wurde 249 mal gespielt
  • Das Durchschnittsergebnis liegt bei 15 aus 16

Antwortstatistiken

Antwort% Korrekt
Bayern
99%
Berlin
99%
Brandenburg
99%
Bremen
99%
Hamburg
99%
Nordrhein-Westfalen
98%
Saarland
98%
Baden-Württemberg
97%
Niedersachsen
97%
Sachsen
97%
Schleswig-Holstein
97%
Mecklenburg-Vorpommern
95%
Thüringen
95%
Hessen
94%
Rheinland-Pfalz
93%
Sachsen-Anhalt
92%

Verteilung der Resultate

Perzentil nach korrekt beantworteten Fragen

Anzahl Personen mit jedem Resultat

Ihre Resultats-Entwicklung

Sie haben dieses Quiz noch nicht gespielt